000 003630000a22000970004500
100 1 _aCrüsemann, Marlene
245 1 0 _aIrredeemably hostile to women : Anti-Jewish elements in the exegesis of the dispute about women's right to speak (1 Cor. 14.34-35)
300 _aNúm 79 (200), Páginas 19-36
773 0 _tJournal for the Study of the New Testament
942 _cANA
999 _c55938
_d55938